North American Islands on the Map - Statistics

General Stats
  • This quiz has been taken 568 times
  • The average score is 10 of 15
Answers on the Map
Answers color-coded by a green-red scale on the quiz's map according to % correct below.
 
Answer Stats
Islands % Correct
Greenland
92%
Cuba
91%
Jamaica
83%
Newfoundland
77%
Baffin Island
76%
Hispaniola
75%
Puerto Rico
74%
Long Island
73%
Prince Edward Island
69%
Bermuda
68%
Vancouver Island
64%
Ellesmere Island
57%
Kodiak
41%
Cozumel
27%
North Andros
21%
No matching quizzes found
Score Distribution
Percent of People with Each Score
Percentile by Number Answered
Your Score History
You have not taken this quiz